NFL All-2000's Team - Statistics

General Stats
  • This quiz has been taken 50 times
  • The average score is 19 of 56
Answer Stats
Pos. Player % Correct
QB Tom Brady
98%
QB Peyton Manning
90%
RB LaDainian Tomlinson
79%
WR Randy Moss
76%
TE Tony Gonzalez
71%
RB Jamal Lewis
64%
LB Ray Lewis
64%
WR Marvin Harrison
62%
WR Terrell Owens
62%
RB Shaun Alexander
60%
S Ed Reed
55%
K Adam Vinatieri
52%
RB Edgerrin James
52%
TE Antonio Gates
50%
DT Kevin Williams
50%
OT Walter Jones
50%
Coach Bill Belichick
48%
LB Brian Urlacher
43%
S Troy Polamalu
43%
PR Devin Hester
40%
DE Jason Taylor
40%
LB Zach Thomas
38%
WR Torry Holt
36%
CB Champ Bailey
33%
OT Orlando Pace
31%
DT Warren Sapp
31%
CB Charles Woodson
29%
LB Derrick Brooks
29%
OG Larry Allen
29%
CB Ronde Barber
29%
S Brian Dawkins
26%
DE Julius Peppers
26%
Coach Tony Dungy
26%
OT Jonathan Ogden
24%
P Shane Lechler
24%
CB Ty Law
24%
FB Lorenzo Neal
21%
DE Michael Strahan
21%
KR Dante Hall
19%
PR Dante Hall
19%
LB DeMarcus Ware
19%
DE Dwight Freeney
19%
OG Steve Hutchinson
19%
C Kevin Mawae
17%
OG Alan Faneca
14%
K David Akers
14%
DT La'Roi Glover
10%
C Olin Kreutz
10%
OT Willie Roaf
10%
S Darren Sharper
7%
KR Josh Cribbs
7%
DT Richard Seymour
7%
FB Tony Richardson
7%
OG Will Shields
7%
P Brian Moorman
5%
LB Joey Porter
5%
No matching quizzes found
Score Distribution
Percent of People with Each Score
Percentile by Number Answered
Your Score History
You have not taken this quiz